000 00526 a2200217 4500
001 109445
020 _a9788501054029
041 _apor
090 _aPL 158 JOH
100 _aJohnson, Spencer.
250 _a7.ed.
300 _a107 p.
697 _aChange (Psychology)
697 _aLarge print books.
697 _aLarge type books.
856 _u00000d/00000db9.jpg
040 _aBR-BrIDEA
_cBR-BrIDEA
245 1 0 _aQuem mexeu no meu queijo?
_c Spencer Johnson
260 _a[S.l.]
_bRecord
_c2000
942 _cBK
999 _c109445
_d109445